00901nam a22002417a 4500003000500000005001700005008004100022010001100063011001100074035001100085040000900096100003100105245015100136260004000287500006200327502008200389650001600471650002700487650003100514650003000545650002000575856006400595CHAP20220329143740.0110531s2011 mx r 00010 spa d a101364 a102336 a113024 cCHAP1 aGarcía Pérez, Jesús.10aMonitoreo de fauna silvestre en el predio ecoturístico ocho amigos, El corrido, Tomatlán, Jaliscoh[En línea]c/por Jesús García Pérez aChapingo, Méx. :bEl autor,c2011 aPara ver el contenido de el material haga clic en la liga aTesis (Ing. en Recursos Naturales Renovables) -- UACH. Departamento de Suelos14aEcoturismo.14aEducación ambiental.14aPlantasxIdentificación.14aReforestaciónxJalisco.14aVida silvestre. 3Finding aiduhttp://10.13.5.2/tesis/113024.pdfzTeclea aqui